Conflicto y región en Colombia (Registro nro. 66892)

Detalles MARC
000 -ENCABEZADO
Número de control [NR] 01136nam a2200277Ia 4500
005 - FECHA Y HORA DE LA ÚLTIMA TRANSACCIÓN
control field 20171002102534.0
008 - DE LONGITUD FIJA DE DATOS DE ELEMENTOS - INFORMACIÓN GENERAL
Elementos de longitud fija [NR] 130821s2009 ck gr spa
020 ## - NUMERO INTERNACIONAL NORMALIZADO PARA LIBROS [R]
Número Internacional Normalizado del libro [NR] 9789588337586
040 ## - FUENTE DE CATALOGACION [NR]
Agencia de catalogación original [NR] CO-BoUCM
Idioma de catalogación [NR] spa
Quien Cataloga Sandra Palacio (modificó)
Quien Clasifica [Nuevo]
041 00 - CODIGO DE IDIOMA [R]
Código de idioma para texto/pista de sonido o título separado [R] Español
245 00 - MENCION DE TITULO [NR]
Título [NR] Conflicto y región en Colombia
Mención de responsabilidad, etc. [NR] Adrián Serna Dimas y Diana Gómez Navas, compiladores
246 14 - FORMA VARIANTE DEL TITULO [R]
Título propiamente dicho/forma breve del título [NR] Cátedra democracia y ciudadanía
Parte restante del título [NR] Conflicto y región en Colombia
260 ## - PUBLICACION, DISTRIBUCION, ETC. (PIE DE IMPRENTA) [R]
Lugar de publicación, distribución, etc. [R] Bogotá (Colombia)
Nombre del editor, distribuidor, etc. [R] Universidad Distrital Francisco José de Caldas, Instituto para la Pedagogía, la Paz y el Conflicto Urbano
Fecha de publicación, distribución, etc. [R] 2009
300 ## - DESCRIPCION FISICA [R]
Extensión [R] 266 páginas
490 #0 - MENCION DE SERIE [R]
Mención de serie [R] Cátedras y encuentros
650 17 - ASIENTO SECUNDARIO DE MATERIA - TERMINO TEMATICO [R]
Término temático o nombre geográfico como elemento de entrada [NR] Conflicto armado
Subdivisión geográfica [R] Colombia
9 (RLIN) 11565
650 27 - ASIENTO SECUNDARIO DE MATERIA - TERMINO TEMATICO [R]
Término temático o nombre geográfico como elemento de entrada [NR] Desplazamiento forzado
Subdivisión geográfica [R] Colombia
9 (RLIN) 31505
650 27 - ASIENTO SECUNDARIO DE MATERIA - TERMINO TEMATICO [R]
Término temático o nombre geográfico como elemento de entrada [NR] Sociología
9 (RLIN) 386
650 27 - ASIENTO SECUNDARIO DE MATERIA - TERMINO TEMATICO [R]
Término temático o nombre geográfico como elemento de entrada [NR] Violencia
9 (RLIN) 422
690 ## - ASUNTO AGREGADO LOCAL DE ENTRADA - TÉRMINO TEMÁTICO (OCLC, RLIN)
Acceso temático local Violencia
9 (RLIN) 422
700 1# - ASIENTO SECUNDARIO - NOMBRE PERSONAL [R]
Nombre personal [NR] Gómez Navas, Diana
9 (RLIN) 67805
Término de relación [R] compilador
700 1# - ASIENTO SECUNDARIO - NOMBRE PERSONAL [R]
Nombre personal [NR] Serna Dimas, Adrián
9 (RLIN) 45456
Término de relación [R] compilador
710 2# - ASIENTO SECUNDARIO - NOMBRE CORPORATIVO [R]
Nombre corporativo o de jurisdicción como elemento de entrada [NR] Universidad Distrital Francisco José de Caldas
9 (RLIN) 4736
942 ## - ELEMENTOS DE ENTRADA AGREGADOS (KOHA)
Tipo de ítem principal el descrito en 300a Libro
Tema principal Sociología
Edición 1
Parte restante de la signatura top. C748
Sistema de clasificación DEWEY
Clasificación 303.6
Existencias
Fecha de último préstamo Total préstamos Total Renewals Signatura topográfica Código de barras Última vez visto Ejemplar Price effective from Tipo de ítem Perdido Sistema de clasificación Dañado No prestable Tipo de ítem específico Suprimido Ubicación habitual Ubicación actual Localización Fecha de creación Forma de adquisición Costo Costo de reposición Proveedor
28/11/2025 10 4 303.6 C748 100107181 09/12/2025 Ej.1 03/02/2013 Libro   DEWEY     Libro   Claustro Claustro 2do piso 28/02/2010 Compra 120000.00    
09/03/2022 2 4 303.6 C748 100154043 26/10/2023 Ej.2 22/09/2017 Libro   DEWEY     Libro   Claustro Claustro 2do piso 22/09/2017 Donación 0.00 26000.00 12